Controlling zodpovedného podnikania aplikáciou metodiky GRI/G3 v podmienkach hospodárskej krízy
Reportovanie o trvalo udržateľnom rozvoji. Global Reporting Initiative (GRI) je nezávislá medzinárodná inštitúcia, ktorej základným cieľom je zvýšenie kvality, spoľahlivosti a využiteľnosti výročných správ o spoločensky zodpovednom podnikaní.
Salvato in:
| Autore principale: | |
|---|---|
| Altri autori: | |
| Natura: | Capitolo di libro |
| Lingua: | slovacco |
| Soggetti: | |
| Tags: |
Nessun Tag, puoi essere il primo ad aggiungerne!!
|
MARC
| LEADER | 00000nla$a2200000$$$4500 | ||
|---|---|---|---|
| 001 | 0146959 | ||
| 005 | 20240502072644.5 | ||
| 041 | 0 | |a slo | |
| 044 | |a SK | ||
| 245 | 1 | 0 | |a Controlling zodpovedného podnikania aplikáciou metodiky GRI/G3 v podmienkach hospodárskej krízy |c Alžbeta Foltínová, Mária Sotáková |
| 520 | |a Reportovanie o trvalo udržateľnom rozvoji. Global Reporting Initiative (GRI) je nezávislá medzinárodná inštitúcia, ktorej základným cieľom je zvýšenie kvality, spoľahlivosti a využiteľnosti výročných správ o spoločensky zodpovednom podnikaní. | ||
| 610 | 2 | 0 | |a prostredie podnikateľské |
| 610 | 2 | 0 | |a stratégia podnikateľská |
| 610 | 2 | 0 | |a politika podnikania |
| 610 | 2 | 0 | |a podnikanie zodpovedné |
| 610 | 2 | 0 | |a etika podnikateľská |
| 610 | 2 | 0 | |a zodpovednosť spoločenská |
| 610 | 2 | 0 | |a rozvoj trvalo udržateľný |
| 610 | 2 | 0 | |a kríza sociálna |
| 100 | 1 | |a Foltínová, Alžbeta | |
| 700 | 1 | |a Sotáková, Mária | |